000 00555nam a2200193Ia 4500
005 20250923150006.0
008 008 250917s9999 xx 000 0 eng d
037 _aTextual
040 _aDSWL
_beng
_cDSWL
041 _aeng
_2eng
084 _aYx;1-m7x, N99
_qDSWL
245 0 _aInternational perspectives on voluntary action
_cEd. by David Lewis
260 _aLondon
_b Earthscan Publication
_c1999
300 _aix,276 p.
365 _aGBP
_b15.95
925 _g15.95
942 _cTEXL
_hYx;1-m7x, N99
999 _c1458241
_d1458241